Cardinal Directions of Featured Languages - Statistics

General Stats
  • This quiz has been taken 1,128 times
    1,113 since last reset
  • The average score is 15 of 36
Answer Stats
Language Cardinal Direction % Correct
English East
100%
English South
100%
English North
99%
English West
99%
German Norden
74%
French Nord
73%
French Sud
70%
German Süden
68%
German Westen
65%
French Est
64%
Spanish Norte
62%
German Osten
55%
French Ouest
55%
Italian Nord
54%
Italian Sud
52%
Spanish Sur
50%
Spanish Este
49%
Italian Est
47%
Portuguese Norte
38%
Spanish Oeste
38%
Dutch Westen
36%
Dutch Noorden
28%
Portuguese Oeste
26%
Dutch Oosten
22%
Portuguese Sul
21%
Dutch Zuiden
20%
Portuguese Leste
16%
Italian Ovest
12%
Polish Północ
7%
Polish Południe
7%
Polish Wschód
7%
Polish Zachód
7%
Finnish Etelä
4%
Finnish Itä
4%
Finnish Länsi
4%
Finnish Pohjoinen
4%
No matching quizzes found
Score Distribution
Percent of People with Each Score
Percentile by Number Answered
Your Score History
You have not taken this quiz since the last reset